One Piece Devil Fruit by Picture - Statistics

General Stats
  • This quiz has been taken 153 times
  • The average score is 18 of 28
Answer Stats
Picture Answer % Correct
Hito Hito no Mi, Model: Nika
99%
Mera Mera no Mi
96%
Hito Hito no Mi
90%
Ito Ito no Mi
88%
Ope Ope no Mi
85%
Hana Hana no Mi
83%
Bomu Bomu no Mi
82%
Yami Yami no Mi
82%
Neko Neko no Mi, Model: Leopard
81%
Mero Mero no Mi
79%
Doru Doru no Mi
77%
Uo Uo no Mi, Model: Seiryu
77%
Suna Suna no Mi
76%
Ushi Ushi no Mi, Model: Giraffe
74%
Moku Moku no Mi
67%
Goro Goro no Mi
64%
Nikyu Nikyu no Mi
61%
Horo Horo no Mi
57%
Supa Supa no Mi
55%
Jiki Jiki no Mi
53%
Ushi Ushi no Mi, Model Bison
47%
Yomi Yomi no Mi
46%
Kage Kage no Mi
44%
Mochi Mochi no Mi
41%
Mane Mane no Mi
34%
Sara Sara no Mi, Model: Axolotl
33%
Hebi Hebi no Mi, Model: Yamata no Orochi
23%
Inu Inu no Mi, Model: Okuchi no Makami
13%
No matching quizzes found
Score Distribution
Percent of People with Each Score
Percentile by Number Answered
Your Score History
You have not taken this quiz